| 000 | 00603nam a2200217 a 4500 | ||
|---|---|---|---|
| 001 | BRCA_2713 | ||
| 005 | 20190320203932.0 | ||
| 008 | 031208s1952----sp-a---###---#000-0#spa-u | ||
| 050 | 4 |
_aN8054 _b.T74 1952 |
|
| 100 | 1 |
_aTrens, Manuel _97672 |
|
| 245 | 1 | 0 |
_aLa eucaristía en el arte español _cManuel Trens. |
| 260 |
_aBarcelona, España _bAymá _c1952 |
||
| 300 |
_a333 p. _bil. _c25 cm. |
||
| 500 | _aIncluye índice de ilustraciones. | ||
| 500 | _aAA55 | ||
| 650 | 1 | 4 |
_aArte español _92063 |
| 650 | 1 | 4 |
_aEucaristía _xArte _97673 |
| 650 | 1 | 4 |
_aArte _xHistoria _97674 |
| 902 | _aGFM | ||
| 942 |
_2lcc _cB |
||
| 999 |
_c2453 _d2453 |
||